|
|
|
|
| LEADER |
00000nam0a2200000 4500 |
| 001 |
367859 |
| 005 |
20231102012027.0 |
| 035 |
|
|
|a (RuTPU)RU\TPU\retro\25222
|
| 090 |
|
|
|a 367859
|
| 100 |
|
|
|a 20220324d1979 m y0rusy50 ca
|
| 101 |
0 |
|
|a rus
|
| 102 |
|
|
|a RU
|
| 105 |
|
|
|a a j 001zy
|
| 200 |
1 |
|
|a Проведение и крепление горных выработок
|e учебник для техникумов
|f Н. И. Мельников
|
| 205 |
|
|
|a 2-е изд., перераб. и доп.
|
| 210 |
|
|
|a Москва
|c Недра
|d 1979
|
| 215 |
|
|
|a 344 с.
|c ил.
|
| 320 |
|
|
|a Библиогр.: с. 337-338
|
| 606 |
1 |
|
|a Горные выработки
|x Строительство
|2 stltpush
|3 (RuTPU)RU\TPU\subj\7750
|9 35304
|
| 610 |
1 |
|
|a учебники
|
| 610 |
1 |
|
|a проведение
|
| 610 |
1 |
|
|a крепление
|
| 610 |
1 |
|
|a горные породы
|
| 610 |
1 |
|
|a свойства
|
| 610 |
1 |
|
|a разрушение
|
| 610 |
1 |
|
|a взрывчатые вещества
|
| 610 |
1 |
|
|a забои
|
| 610 |
1 |
|
|a крепи
|
| 610 |
1 |
|
|a горизонтальные выработки
|
| 610 |
1 |
|
|a наклонные выработки
|
| 610 |
1 |
|
|a металлическая крепь
|
| 610 |
1 |
|
|a железобетонные крепи
|
| 610 |
1 |
|
|a квершлаги
|
| 610 |
1 |
|
|a штреки
|
| 610 |
1 |
|
|a сложные геологические условия
|
| 675 |
|
|
|a 622.26(075.3)
|v 4
|
| 700 |
|
1 |
|a Мельников
|b Н. И.
|g Николай Иванович
|
| 801 |
|
1 |
|a RU
|b 63413507
|c 20220324
|
| 942 |
|
|
|c BK
|